| 000 | 00402nam a22001457a 4500 | ||
|---|---|---|---|
| 020 | _a9780201568011 | ||
| 040 | _cNust | ||
| 082 |
_a512.5 _bJOH |
||
| 100 |
_aLee W. Johnson _9126146 |
||
| 245 | _aIntroduction to Linear Algebra | ||
| 250 | _a3rd Edition | ||
| 260 |
_aNew York: _bAddison -Wesley Publishing Company < _c1993. |
||
| 650 |
_aIntroduction to Linear Algebra _9126128 |
||
| 942 |
_2ddc _cBK |
||
| 999 |
_c611917 _d611917 |
||